<?xml version="1.0" encoding="UTF-8"?>
<record
    xmlns:xsi="http://www.w3.org/2001/XMLSchema-instance"
    xsi:schemaLocation="http://www.loc.gov/MARC21/slim http://www.loc.gov/standards/marcxml/schema/MARC21slim.xsd"
    xmlns="http://www.loc.gov/MARC21/slim">

  <leader>00361    a2200121   4500</leader>
  <controlfield tag="001">ART_3554</controlfield>
  <controlfield tag="005">20260410161716.0</controlfield>
  <controlfield tag="008">260409a                                 </controlfield>
  <datafield tag="245" ind1="1" ind2="0">
    <subfield code="a">El stock de capital en la Argentina</subfield>
  </datafield>
  <datafield tag="100" ind1="1" ind2=" ">
    <subfield code="a">Goldberg, Samuel</subfield>
  </datafield>
  <datafield tag="700" ind1="1" ind2=" ">
    <subfield code="a">Benencia, Roberto</subfield>
  </datafield>
  <datafield tag="773" ind1="0" ind2=" ">
    <subfield code="t">Desarrollo econ&#xF3;mico</subfield>
    <subfield code="g">- Vol. 28, N&#xBA; 110 (jul./sep. 1988)</subfield>
    <subfield code="w">REV1174</subfield>
  </datafield>
  <datafield tag="999" ind1=" " ind2=" ">
    <subfield code="c">16501</subfield>
    <subfield code="d">16501</subfield>
  </datafield>
</record>
